000 01096nam a2200229Ia 4500
001 L224-5001
003 IT-CnALBA
008 170116s9999||||xx |||||||||||||| ||und||
040 _aIT-CnALBA
_cIT-CnALBA
041 _aITALIANO
100 _aSPADAFORA FRANCESCO
245 0 _aIL LIBRO SACRO. VOL. I. INTRODUZIONE GENERALE.
250 _a1a ed.
260 _a PADOVA
_bMESSAGGERO EDIZIONI
_c1958 [1° Ed.:1958 - Ed.Ling.Originale: 1958]
300 _a368 p.
500 _aLA BIBBIA. CANONE DEL VECCHIO E NUOVO TESTAMENTO. LIBRI APOCRIFI. ISPIRAZIONE. IL TESTO ORIGINALE E LE VERSIONI. ERMENEUTICA. SENSI DELLA SCRITTURA. STORIA DELLA ESEGESI. TAVOLE FUORI TESTO.
501 _aSocietà San Paolo EM - Piazza San Paolo, 14 - 12051 ALBA (CN) (non commercial uses only) ® Copyright 2017
520 _aLA BIBBIA. CANONE DEL VECCHIO E NUOVO TESTAMENTO. LIBRI APOCRIFI. ISPIRAZIONE. IL TESTO ORIGINALE E LE VERSIONI. ERMENEUTICA. SENSI DELLA SCRITTURA. STORIA DELLA ESEGESI. TAVOLE FUORI TESTO.
650 _aLIBRI PROFETICI DELL'ANTICO TESTAMENTO
942 _cBK
957 _71
999 _a5984
_bNO
_g Copie: 1
_c264192
_d264192